<?xml version="1.0" encoding="UTF-8"?>
<record
    xmlns:xsi="http://www.w3.org/2001/XMLSchema-instance"
    xsi:schemaLocation="http://www.loc.gov/MARC21/slim http://www.loc.gov/standards/marcxml/schema/MARC21slim.xsd"
    xmlns="http://www.loc.gov/MARC21/slim">

  <leader>00449nam a22001217a 4500</leader>
  <datafield tag="040" ind1=" " ind2=" ">
    <subfield code="c">SY</subfield>
  </datafield>
  <datafield tag="082" ind1=" " ind2=" ">
    <subfield code="a">630</subfield>
  </datafield>
  <datafield tag="100" ind1=" " ind2=" ">
    <subfield code="a">&#x1787;&#x17BD;&#x1784; &#x179F;&#x17BB;&#x1795;&#x179B;</subfield>
  </datafield>
  <datafield tag="245" ind1=" " ind2=" ">
    <subfield code="a">Sustainable agriculture oon crops farming systems&#x200B; one weaek training, &#x1780;&#x179F;&#x17B7;&#x1780;&#x1798;&#x17D2;&#x1798;&#x179F;&#x1798;&#x179F;&#x17D2;&#x179A;&#x1794;&#x179F;&#x17D2;&#x178A;&#x17B8;&#x1796;&#x17B8;&#x1794;&#x17D2;&#x179A;&#x1796;&#x17D0;&#x1793;&#x17D2;&#x1792;&#x178A;&#x17B6;&#x17C6;&#x178A;&#x17C6;&#x178E;&#x17B6;&#x17C6;&#x179A;&#x1799;&#x17C8;&#x1796;&#x17C1;&#x179B;&#x1798;&#x17BD;&#x1799;&#x179F;&#x1794;&#x17D2;&#x178A;&#x17B6;&#x17A0;&#x17CD;</subfield>
  </datafield>
  <datafield tag="260" ind1=" " ind2=" ">
    <subfield code="a">RUA</subfield>
    <subfield code="b">&#x1787;&#x17BD;&#x1784;</subfield>
    <subfield code="c">NA</subfield>
  </datafield>
  <datafield tag="300" ind1=" " ind2=" ">
    <subfield code="a">26p.</subfield>
  </datafield>
  <datafield tag="942" ind1=" " ind2=" ">
    <subfield code="c">KB</subfield>
  </datafield>
  <datafield tag="999" ind1=" " ind2=" ">
    <subfield code="c">9796</subfield>
    <subfield code="d">9796</subfield>
  </datafield>
  <datafield tag="952" ind1=" " ind2=" ">
    <subfield code="0">0</subfield>
    <subfield code="1">0</subfield>
    <subfield code="4">0</subfield>
    <subfield code="6">630_000000000000000_&#x1787;&#x17BD;&#x1784;_NA_C241</subfield>
    <subfield code="7">0</subfield>
    <subfield code="9">51974</subfield>
    <subfield code="a">LBC</subfield>
    <subfield code="b">LBC</subfield>
    <subfield code="c">C241</subfield>
    <subfield code="d">2016-09-12</subfield>
    <subfield code="o">630 &#x1787;&#x17BD;&#x1784; NA C241</subfield>
    <subfield code="p">A01644</subfield>
    <subfield code="r">2016-09-12</subfield>
    <subfield code="y">KB</subfield>
  </datafield>
</record>
